000 00191 a2200097 4500
020 _a9788478835157
041 _aspa
100 _atodo libro ediciones s.a
245 _aLa granja
942 _cK
999 _c29738
_d29736